| 000 | 00541nam a2200193Ia 4500 | ||
|---|---|---|---|
| 003 | GCL | ||
| 008 | 140319s9999 xx 000 0 eng d | ||
| 040 |
_aGCL / _cGCL |
||
| 082 | 0 | 4 |
_aCC _b932 _bA P |
| 100 | 1 | _aAHMED M. ABO ELELA | |
| 245 | 1 | 0 |
_aPROPHETS & PHARAOHS : _bEGYPT AND OLD TESTAMENT / _cAHMED M. ABO ELELA |
| 260 |
_aالقاهرة : _bDAR EL KUTUB ، _c2004 |
||
| 300 |
_a20 CM ؛ _c174 P |
||
| 650 | 0 | 4 | _aPHARAOHS |
| 650 | 0 | 4 | _aOLD TESTAMENT |
| 650 | 0 | 4 | _aPROPHETS |
| 650 | 0 | 4 | _aPHARAOHS - RELIGIOUS ASPECTS |
| 942 |
_2ddc _cBK |
||
| 999 |
_c6850 _d6850 |
||